| 000 | 00767cam a2200241 4500 | ||
|---|---|---|---|
| 008 | 090401t1991 xxu||||| |||| 00| 0 eng d | ||
| 020 | _a0901297143 | ||
| 035 | _a(Sirsi) u47079 | ||
| 041 | _aeng | ||
| 050 | _a690.2 | ||
| 110 |
_aInstitution of Structural Engineers _9441 |
||
| 245 | _aGuide to surveys and inspections of buildings and similar structures. | ||
| 260 |
_aLondon _bInstitution of Structural Engineers _c1991 |
||
| 300 | _a55p. ; 21cm. | ||
| 350 | _a25 | ||
| 520 | _aSuperseded by 2008 edition (ISBN: 9781906335052). | ||
| 650 | _aENGINEERS | ||
| 650 | _aSTRUCTURAL ENGINEERS | ||
| 650 | _aBUILT ENVIRONMENT-BUILDING SURVEYING-STRUCTURAL SURVEYING | ||
| 690 | _aBUILT ENVIRONMENT-BUILDING INSPECTION | ||
| 942 | _n0 | ||
| 948 | _c04/03/1997 | ||
| 999 |
_c92068 _d92068 |
||